OECD guidelines for multinational enterprises focus on responsible supply chain management

Saved in:
Bibliographic Details
Format: Book
Language:English
Published: Paris OECD 2002
Subjects:
Tags: Add Tag
No Tags, Be the first to tag this record!

MARC

LEADER 00000nam a2200000 4500
001 c142748
005 20221124092616.6
020 |a 92-64-19895-4 
041 0 |a eng 
044 |a FR 
245 1 0 |a OECD guidelines for multinational enterprises  |b focus on responsible supply chain management 
264 1 |a Paris  |b OECD  |c 2002 
300 |a 150 s. 
610 2 0 |a manažment 
610 2 0 |a riadenie reťazcov dodávateľských 
610 2 0 |a riadenie podnikové 
610 2 0 |a podnikanie 
610 2 0 |a podnik multinacionálny 
610 2 0 |a partneri obchodní 
610 2 0 |a stratégia podniková 
610 2 0 |a poradenstvo